Kobra z Aventine /

Hlavní autor: Zahn, Timothy, 1951-
Další autoři: Palowská, Květa
Jazyk: Čeština
Vydáno: Plzeň : Laser-books, 2002
Vydání: Vyd. 1.
Edice: Edice SF
Laser
Military (Laser-books)
Témata:
Fyzický popis: 168 s. ; 17 cm
Knihy
Uloženo v:
LEADER 01240nam a2200397 a 4500
001 000602334
003 CZ BrMZK
005 20061128071758.0
007 ta
008 020524c20021985xr g f cze d
015 |a cnb001122241 
020 |a 80-7193-114-4 
035 |a (OCoLC)51189087 
040 |a BOA001  |b cze 
041 1 |a cze  |h eng 
072 7 |a 821.111(73)-3  |x Americká próza  |2 Konspekt  |9 25 
080 |a 821.111(73)-31  |2 MRF 
080 |a (0:82-311.9)  |2 MRF 
100 1 |a Zahn, Timothy,  |d 1951-  |7 jn20010310198 
245 1 0 |a Kobra z Aventine /  |c Timothy Zahn ; [z anglického originálu přeložila Květa Palowská] 
250 |a Vyd. 1. 
260 |a Plzeň :  |b Laser-books,  |c 2002 
300 |a 168 s. ;  |c 17 cm 
490 1 |a Military 
490 1 |a Edice SF ;  |v sv. 117 
490 1 |a Laser 
655 7 |a americké romány  |7 fd131796  |2 czenas 
655 7 |a vědecko-fantastické romány  |7 fd133847  |2 czenas 
700 1 |a Palowská, Květa  |7 ola2003191645  |4 trl 
765 0 |t Cobra  |9 Česky 
830 0 |a Edice SF 
830 0 |a Laser 
830 0 |a Military (Laser-books) 
910 |a BOA001  |b 1-1101.679 
990 |a BK 
996 6 |b 2610161738  |c 1-1101.679  |l MZK  |r Sklad / do 1 hodiny  |n 0  |p p.v.  |w 000602334  |u 000010  |a 1  |e BOA001  |j MZK50  |s P